[Event "XXXIII Memorial Edoardo Crespi B"]
[Site "Milano ITA"]
[Date "2012.12.07"]
[Round "3"]
[White "Bertora, Silvano"]
[Black "Romagnoli, Thomas"]
[WhiteElo "1618"]
[BlackElo "1709"]
[Result "1/2-1/2"]
[PlyCount "77"]
[EventDate "2012.12.05"]

1. d4 d5 2. Bf4 Bf5 3. Nc3 Nf6 4. f3 e6 5. a3 Bd6 6. Be5 Bxe5 7. dxe5 Nfd7 8.
f4 c5 9. e3 a6 10. Nf3 Nb6 11. b3 Nc6 12. Be2 f6 13. Bd3 Bg6 14. Nh4 f5 15.
Nxg6 hxg6 16. Qe2 d4 17. Na4 Nxa4 18. bxa4 Qa5+ 19. Kf2 Qxa4 20. h3 dxe3+ 21.
Qxe3 Qd4 22. Rab1 b5 23. Rhd1 Qxe3+ 24. Kxe3 Rd8 25. c3 Ke7 26. a4 c4 27. axb5
axb5 28. Be2 Rxd1 29. Bxd1 Rb8 30. Bf3 Na5 31. Ra1 Nb3 32. Ra7+ Kf8 33. Bc6 b4
34. cxb4 Rxb4 35. Ra8+ Ke7 36. Re8+ Kf7 37. Rc8 Ke7 38. Re8+ Kf7 39. Rc8
1/2-1/2

[Event "XXXIII Memorial Edoardo Crespi B"]
[Site "Milano ITA"]
[Date "2012.12.07"]
[Round "3"]
[White "Botta, Massimiliano"]
[Black "Gonella, Graziano"]
[WhiteElo "1653"]
[BlackElo "1202"]
[Result "1-0"]
[PlyCount "107"]
[EventDate "2012.12.05"]

1. e4 e5 2. Nf3 Nc6 3. Bc4 Bc5 4. c3 Nf6 5. d4 exd4 6. cxd4 Bb6 7. Nc3 d6 8. h3
O-O 9. O-O Ba5 10. Re1 Bd7 11. Bf4 a6 12. a3 b5 13. Ba2 Qc8 14. Re3 Nh5 15. Bh2
Bb6 16. Rc1 Ne7 17. Ne2 Qb7 18. Qc2 Rac8 19. b4 Nf6 20. Nd2 Rfe8 21. Bf4 Ng6
22. Bg5 d5 23. Bxf6 gxf6 24. Bxd5 c6 25. Ba2 Qc7 26. Qb3 Re7 27. Rg3 Be6 28. d5
Bxf2+ 29. Kxf2 Qb6+ 30. Kf1 cxd5 31. Rxc8+ Bxc8 32. exd5 Rd7 33. Ne4 Bb7 34.
Qe3 Qd8 35. Qf3 Bxd5 36. Bxd5 Kg7 37. N4c3 Rd6 38. Nf4 Kf8 39. Nxg6+ hxg6 40.
Rg4 f5 41. Rf4 Kg7 42. g3 Rf6 43. Qe3 Qh8 44. Rh4 f4 45. Rxf4 Qxh3+ 46. Bg2
Rxf4+ 47. Qxf4 Qe6 48. Bd5 Qh3+ 49. Kg1 Qd7 50. Qd4+ f6 51. Ne4 Qf5 52. Qxf6+
Qxf6 53. Nxf6 Kxf6 54. Bb7 1-0

[Event "XXXIII Memorial Edoardo Crespi B"]
[Site "Milano ITA"]
[Date "2012.12.06"]
[Round "3"]
[White "Brambilla, Luca Massimo"]
[Black "Casamassima, Paolo"]
[WhiteElo "1692"]
[BlackElo "1657"]
[Result "0-1"]
[PlyCount "80"]
[EventDate "2012.12.05"]

1. d4 d5 2. c4 e6 3. Nc3 Nf6 4. Nf3 c6 5. e3 Bd6 6. Bd3 O-O 7. O-O Re8 8. Qc2
Nbd7 9. Rd1 e5 10. dxe5 Nxe5 11. Nxe5 Rxe5 12. b3 Rh5 13. h3 Be6 14. cxd5 cxd5
15. Bb2 Rc8 16. Qe2 Be5 17. Rac1 g6 18. f4 Bb8 19. Nb5 Rxc1 20. Rxc1 a6 21. Nd4
Bd7 22. Qf3 Qe7 23. f5 g5 24. Ne6 Rh6 25. Nxg5 Bc6 26. Bd4 Be5 27. Kf1 Bxd4 28.
exd4 Ne4 29. Nxe4 dxe4 30. Qg3+ Kf8 31. Bc4 Rf6 32. Qf4 Qd7 33. g4 b5 34. d5
bxc4 35. dxc6 Qd3+ 36. Kf2 Rxc6 37. f6 Qd4+ 38. Ke2 Rxf6 39. Qb8+ Kg7 40. Qg3
Qb2+ 0-1

[Event "XXXIII Memorial Edoardo Crespi B"]
[Site "Milano ITA"]
[Date "2012.12.07"]
[Round "3"]
[White "Calabrese, Maurizio"]
[Black "Pollio, Ciro"]
[WhiteElo "1528"]
[BlackElo "1714"]
[Result "0-1"]
[PlyCount "46"]
[EventDate "2012.12.05"]

1. d4 d5 2. c4 e6 3. Bf4 Nf6 4. Nf3 c5 5. e3 Nc6 6. Nc3 a6 7. Bd3 dxc4 8. Bxc4
b5 9. Bb3 c4 10. Bc2 Bd6 11. Nd2 Bxf4 12. exf4 Nxd4 13. O-O Nxc2 14. Qxc2 O-O
15. Nf3 Qc7 16. Ne2 Bb7 17. Ne5 Be4 18. Qc3 Nd5 19. Qg3 Rad8 20. Rac1 Qb7 21.
Ng4 Bd3 22. Qf3 Bxe2 23. Qxe2 Nxf4 0-1

[Event "XXXIII Memorial Edoardo Crespi B"]
[Site "Milano ITA"]
[Date "2012.12.07"]
[Round "3"]
[White "Cerutti, Fabio Maria"]
[Black "Podetti, Davide"]
[WhiteElo "1686"]
[BlackElo "1712"]
[Result "1-0"]
[PlyCount "81"]
[EventDate "2012.12.05"]

1. e4 e5 2. Nf3 Nc6 3. Bb5 a6 4. Bxc6 dxc6 5. O-O Bd6 6. c3 Be6 7. d4 exd4 8.
cxd4 Qd7 9. Ng5 O-O-O 10. Nxe6 Qxe6 11. f3 Be5 12. Be3 Qd6 13. Na3 Bxh2+ 14.
Kh1 Bg3 15. Kg1 Qf6 16. Bf2 Bxf2+ 17. Rxf2 Qxd4 18. Qb3 Nh6 19. Nc4 g5 20. Na5
Qb6 21. Qc3 g4 22. Kf1 g3 23. Rd2 Rxd2 24. Qxd2 Rd8 25. Qe1 Qf2+ 26. Qxf2 gxf2
27. Kxf2 Rd2+ 28. Kg3 Rxb2 29. Nc4 Rb5 30. Rh1 Rg5+ 31. Kf4 Rg6 32. Ne5 Re6 33.
g4 Kd8 34. Rxh6 Rxh6 35. Nxf7+ Ke7 36. Nxh6 c5 37. Ke3 b5 38. Kd3 a5 39. Kc3
b4+ 40. Kc4 a4 41. f4 1-0

[Event "XXXIII Memorial Edoardo Crespi B"]
[Site "Milano ITA"]
[Date "2012.12.07"]
[Round "3"]
[White "Colica, Daniele"]
[Black "Marinescu, Gheorge"]
[WhiteElo "1713"]
[BlackElo "1618"]
[Result "1-0"]
[PlyCount "61"]
[EventDate "2012.12.05"]

1. e4 b6 2. d4 Bb7 3. Bd3 e6 4. Nf3 d6 5. Nc3 Nd7 6. O-O h5 7. Be3 a6 8. Qd2
Nh6 9. h3 Qe7 10. a4 O-O-O 11. Qe2 Nb8 12. a5 f6 13. axb6 cxb6 14. d5 g5 15.
Bxb6 g4 16. Nd4 gxh3 17. Bxd8 Kxd8 18. Nxe6+ Ke8 19. Qxh5+ Nf7 20. Qe2 Bc8 21.
Nb5 Bxe6 22. dxe6 Ne5 23. Nd4 hxg2 24. Bb5+ axb5 25. Qxb5+ Nec6 26. Ra8 gxf1=Q+
27. Kxf1 Qc7 28. Rxb8+ Ke7 29. Rb7 Nxd4 30. Rxc7+ Kxe6 31. Qd5# 1-0

[Event "XXXIII Memorial Edoardo Crespi B"]
[Site "Milano ITA"]
[Date "2012.12.07"]
[Round "3"]
[White "Condorelli, Roberto"]
[Black "Ceraulo, Carlo Alberto"]
[WhiteElo "1725"]
[BlackElo "1544"]
[Result "1-0"]
[PlyCount "49"]
[EventDate "2012.12.05"]

1. Nf3 Nf6 2. c4 c6 3. Nc3 d5 4. d4 dxc4 5. a4 Bf5 6. e3 e6 7. Bxc4 Qc7 8. O-O
Bd6 9. h3 Nbd7 10. Qe2 O-O 11. e4 b5 12. axb5 cxb5 13. Bxb5 Bxh3 14. gxh3 Bb4
15. e5 Rfb8 16. exf6 Nxf6 17. Bd2 Bd6 18. Rab1 Bb4 19. Bd3 Rb7 20. Ne4 Bxd2 21.
Nxf6+ gxf6 22. Qxd2 Kh8 23. Kh1 Rg8 24. Rg1 Rbb8 25. Qh6 1-0

[Event "XXXIII Memorial Edoardo Crespi B"]
[Site "Milano ITA"]
[Date "2012.12.07"]
[Round "3"]
[White "Conta, Diego"]
[Black "Trent, Alan M."]
[WhiteElo "1656"]
[BlackElo "1706"]
[Result "0-1"]
[PlyCount "104"]
[EventDate "2012.12.05"]

1. e4 g6 2. d4 c6 3. c4 d5 4. Nc3 dxe4 5. Nxe4 Bf5 6. Ng3 Nf6 7. Nxf5 Qa5+ 8.
Bd2 Qxf5 9. Nf3 Bg7 10. h3 O-O 11. Be3 Nbd7 12. Bd3 Qa5+ 13. Qd2 Qxd2+ 14. Nxd2
e5 15. dxe5 Nxe5 16. Be2 Rfd8 17. O-O Nd3 18. b3 Nb4 19. Nf3 Ne4 20. Rad1 Rxd1
21. Rxd1 Nc3 22. Rd2 Nbxa2 23. Bf1 Nb4 24. Rd7 b6 25. Ng5 c5 26. Nxf7 Nc2 27.
Bh6 Bf6 28. Bd3 Nd4 29. Ng5 Bxg5 30. Bxg5 a5 31. Rd8+ Rxd8 32. Bxd8 Nxb3 33.
Bxb6 a4 34. Bc2 Ne2+ 35. Kh2 Ned4 36. Bb1 Nc6 37. Bc2 Nb4 38. Bd1 Na2 39. Bc7
Nac1 40. Kg3 a3 41. Be5 a2 42. Bxb3 Nxb3 43. Bc3 Kf7 44. Kf4 Ke6 45. Ke4 a1=Q
46. Bxa1 Nxa1 47. f4 Nb3 48. g4 Nd2+ 49. Kd3 Nf3 50. Ke4 Nd4 51. h4 Nb3 52. h5
gxh5 0-1

[Event "XXXIII Memorial Edoardo Crespi B"]
[Site "Milano ITA"]
[Date "2012.12.07"]
[Round "3"]
[White "Donadi, Luca"]
[Black "Izzo, Riccardo"]
[WhiteElo "1689"]
[BlackElo "1653"]
[Result "1-0"]
[PlyCount "91"]
[EventDate "2012.12.05"]

1. e4 e5 2. Nf3 Nc6 3. Bc4 Bc5 4. c3 Nf6 5. d4 exd4 6. cxd4 Bb4+ 7. Nc3 Nxe4 8.
O-O Bxc3 9. d5 Ne7 10. bxc3 Nd6 11. Re1 O-O 12. Bd3 Re8 13. c4 b6 14. Bb2 Ng6
15. Qc2 Bb7 16. Qc3 Qf6 17. Qd2 Qd8 18. Qc3 Qf6 19. Qxf6 gxf6 20. Bxf6 Nf4 21.
Bc2 Ng6 22. h4 Ne4 23. Bd4 c5 24. Bb2 d6 25. Bd3 f5 26. g3 Kf7 27. Bxe4 Rxe4
28. Rxe4 fxe4 29. Ng5+ Ke7 30. Nxe4 Ba6 31. Re1 Ne5 32. Nd2 Kd7 33. Bxe5 dxe5
34. Rxe5 Kd6 35. f4 Rg8 36. Kf2 Rg7 37. Kf3 Bc8 38. Ne4+ Kd7 39. g4 Kd8 40. g5
Ba6 41. Nd2 Rf7 42. f5 Kd7 43. f6 b5 44. Re6 Bb7 45. Ke4 b4 46. Nb3 1-0

[Event "XXXIII Memorial Edoardo Crespi B"]
[Site "Milano ITA"]
[Date "2012.12.07"]
[Round "3"]
[White "Fantina, Carla"]
[Black "Pioggia, Massimiliano"]
[WhiteElo "1451"]
[BlackElo "1622"]
[Result "1-0"]
[PlyCount "73"]
[EventDate "2012.12.05"]

1. c4 e5 2. Nc3 Bc5 3. g3 Nf6 4. Bg2 O-O 5. e3 c6 6. Nge2 d5 7. cxd5 cxd5 8. d4
exd4 9. exd4 Bb6 10. O-O Bg4 11. Bg5 Nc6 12. Bxf6 gxf6 13. h3 Be6 14. a3 Qd7
15. Kh2 Kh8 16. Na4 Ne7 17. Nxb6 axb6 18. Rc1 Rg8 19. Nf4 Qd6 20. Nh5 Bd7 21.
Rc3 Rg6 22. Rf3 Rh6 23. Nf4 Rg8 24. Qd2 f5 25. Rc3 Ng6 26. Nxd5 Nh4 27. Nf4
Nxg2 28. Nxg2 Rxh3+ 29. Kxh3 f4+ 30. Kh2 Qh6+ 31. Kg1 Bc6 32. Qxf4 Qh3 33. Qf6+
Rg7 34. Rxc6 bxc6 35. Qxc6 Rg6 36. Qf3 f5 37. Nf4 1-0

[Event "XXXIII Memorial Edoardo Crespi B"]
[Site "Milano ITA"]
[Date "2012.12.07"]
[Round "3"]
[White "Farina, Walter"]
[Black "Ruggeri, Igor"]
[WhiteElo "1677"]
[BlackElo "1588"]
[Result "0-1"]
[PlyCount "74"]
[EventDate "2012.12.05"]

1. e4 c5 2. Nf3 d6 3. d4 cxd4 4. Nxd4 g6 5. Be3 Nf6 6. Nc3 a6 7. f3 Bg7 8. Bc4
O-O 9. Qd2 b5 10. Bb3 Bb7 11. Bh6 Nbd7 12. Bxg7 Kxg7 13. O-O-O Nc5 14. g4 Nxb3+
15. axb3 Qc7 16. Rdg1 e5 17. Nf5+ gxf5 18. gxf5+ Kh8 19. Qg5 Nh5 20. Qxh5 f6
21. Qh6 Rac8 22. Rg4 b4 23. Rhg1 Rf7 24. R1g2 bxc3 25. Rg6 cxb2+ 26. Kxb2 Rcf8
27. Rd2 Qe7 28. Rg1 Bc6 29. Rgd1 Rd8 30. Qe3 Qc7 31. c4 Rfd7 32. Qh6 Rf7 33.
Qe3 Rdd7 34. h4 a5 35. h5 a4 36. b4 Qa7 37. Ka3 Qxe3+ 0-1

[Event "XXXIII Memorial Edoardo Crespi B"]
[Site "Milano ITA"]
[Date "2012.12.07"]
[Round "3"]
[White "Frignani, Alessandro"]
[Black "Bonghi, Fabrizio"]
[WhiteElo "1344"]
[BlackElo "1554"]
[Result "0-1"]
[PlyCount "99"]
[EventDate "2012.12.05"]

1. e4 e6 2. d4 d5 3. e5 c5 4. Nf3 Nc6 5. c3 cxd4 6. cxd4 Bb4+ 7. Nc3 Nge7 8. a3
Bxc3+ 9. bxc3 O-O 10. Bd3 f5 11. g3 a6 12. h4 b5 13. Bb2 Bb7 14. Qd2 Nc8 15.
Ng5 Qe7 16. f4 Nb6 17. Qe2 h6 18. Nf3 Nc4 19. Bxc4 dxc4 20. Rh2 Na5 21. Nd2 Nb3
22. Nxb3 cxb3 23. a4 Qd7 24. a5 Bd5 25. Ba3 Rfc8 26. Bb4 Rc6 27. g4 fxg4 28.
Qxg4 Rac8 29. Qg3 Qc7 30. Kd2 Qf7 31. Rf2 Qf5 32. Kc1 Rc4 33. Kb2 Rxb4 34. Rg1
Rc7 35. Qg6 Ra4 36. Qxf5 exf5 37. Ra1 Rxa1 38. Kxa1 Rxc3 39. Re2 Be6 40. Rd2
Rc2 41. Rd1 Ra2+ 42. Kb1 Bd5 43. Re1 b2 44. Re2 Rxa5 45. Rxb2 Ra3 46. Re2 Be4+
47. Kb2 Rd3 48. Rc2 Rxd4 49. Rc7 Rd2+ 50. Kc3 0-1

[Event "XXXIII Memorial Edoardo Crespi B"]
[Site "Milano ITA"]
[Date "2012.12.07"]
[Round "3"]
[White "Giordano, Giovanni"]
[Black "Bianchi, Angelo Massimo"]
[WhiteElo "1437"]
[BlackElo "1745"]
[Result "0-1"]
[PlyCount "54"]
[EventDate "2012.12.05"]

1. e4 c5 2. Nf3 d6 3. d4 cxd4 4. Nxd4 Nf6 5. Nc3 a6 6. f4 Qc7 7. Be3 b5 8. Bd3
Bb7 9. g4 b4 10. Nce2 Nxe4 11. Bxe4 Bxe4 12. Rf1 Nc6 13. Nxc6 Bxc6 14. c3 bxc3
15. Nxc3 e6 16. Qd2 Be7 17. f5 Bh4+ 18. Bf2 Bxf2+ 19. Qxf2 e5 20. f6 g6 21.
O-O-O h5 22. g5 O-O 23. Kb1 Rab8 24. Ne2 Be4+ 25. Ka1 Rxb2 26. Kxb2 Rb8+ 27.
Ka1 Qc2 0-1

[Event "XXXIII Memorial Edoardo Crespi B"]
[Site "Milano ITA"]
[Date "2012.12.07"]
[Round "3"]
[White "Lavorgna, Francesco"]
[Black "Capostagno, Francesco"]
[WhiteElo "1419"]
[BlackElo "1587"]
[Result "0-1"]
[PlyCount "68"]
[EventDate "2012.12.05"]

1. d4 d5 2. c4 e5 3. dxe5 d4 4. Nf3 Nc6 5. Bg5 Be7 6. Bxe7 Ngxe7 7. Nbd2 Be6 8.
g3 Ng6 9. Bg2 O-O 10. Qc2 d3 11. Qxd3 Qxd3 12. exd3 Nb4 13. Ke2 Rad8 14. d4 Bg4
15. Nb3 c5 16. Rhd1 Nc2 17. Rac1 Nxd4+ 18. Nbxd4 cxd4 19. h3 Bxf3+ 20. Bxf3
Nxe5 21. Bd5 Nc6 22. Bxc6 bxc6 23. Rd3 c5 24. Rcd1 Rb8 25. R1d2 Rb4 26. b3 Rfb8
27. Kf3 a5 28. Ke4 Rd8 29. h4 Kf8 30. Rf3 f6 31. Rf5 Rc8 32. Kd5 Rb7 33. Kd6
Ke8 34. Rd5 Rb6# 0-1

[Event "XXXIII Memorial Edoardo Crespi B"]
[Site "Milano ITA"]
[Date "2012.12.07"]
[Round "3"]
[White "Lipari, Alberto"]
[Black "Piras, Yari"]
[WhiteElo "1604"]
[BlackElo "1700"]
[Result "1/2-1/2"]
[PlyCount "49"]
[EventDate "2012.12.05"]

1. c4 Nf6 2. d4 g6 3. Nc3 Bg7 4. Bf4 O-O 5. Nf3 d6 6. e4 c5 7. dxc5 dxc5 8. Qc2
Be6 9. Rd1 Qa5 10. Be2 a6 11. a4 Nc6 12. O-O Rad8 13. Ne5 Nd4 14. Qd3 Nd7 15.
Nxd7 Rxd7 16. Bd2 Nb3 17. Nd5 Nxd2 18. Qxd2 Qxd2 19. Rxd2 Bxd5 20. exd5 Rd6 21.
Rfd1 Rfd8 22. b3 a5 23. Kf1 Kf8 24. f4 Bd4 25. Rd3 1/2-1/2

[Event "XXXIII Memorial Edoardo Crespi B"]
[Site "Milano ITA"]
[Date "2012.12.07"]
[Round "3"]
[White "Macri', Vincenzo Roberto"]
[Black "Biffi, Roberto"]
[WhiteElo "1538"]
[BlackElo "1691"]
[Result "1-0"]
[PlyCount "39"]
[EventDate "2012.12.05"]

1. e4 d6 2. Bc4 Nf6 3. Nc3 g6 4. Nge2 Bg7 5. d4 O-O 6. f4 Bg4 7. Be3 Nbd7 8. h3
Bxe2 9. Qxe2 c5 10. e5 dxe5 11. dxe5 Nh5 12. Qf2 e6 13. O-O-O Qe7 14. Ne4 b6
15. g4 f5 16. Ng5 fxg4 17. Bxe6+ Kh8 18. hxg4 Nxe5 19. gxh5 Ng4 20. Bxg4 1-0

[Event "XXXIII Memorial Edoardo Crespi B"]
[Site "Milano ITA"]
[Date "2012.12.07"]
[Round "3"]
[White "Madaschi, Sergio"]
[Black "Mingolla, Patrizio"]
[WhiteElo "1516"]
[BlackElo "1654"]
[Result "0-1"]
[PlyCount "48"]
[EventDate "2012.12.05"]

1. d4 Nf6 2. Nf3 d5 3. c4 e6 4. e3 c6 5. Nc3 Bb4 6. Bd2 O-O 7. cxd5 exd5 8. Bd3
Bg4 9. h3 Be6 10. a3 Bd6 11. O-O Nbd7 12. Qc2 Re8 13. Rfe1 Nf8 14. e4 dxe4 15.
Nxe4 Nxe4 16. Bxe4 h6 17. Rad1 Nd7 18. Bc3 Nf6 19. Bd3 Qb6 20. Nd2 Qc7 21. Nf3
Nd5 22. Bd2 Bf4 23. Ne5 Bxd2 24. Qxd2 Rad8 0-1

[Event "XXXIII Memorial Edoardo Crespi B"]
[Site "Milano ITA"]
[Date "2012.12.07"]
[Round "3"]
[White "Mariucci, Felice"]
[Black "Tannoia, Rocco"]
[WhiteElo "1711"]
[BlackElo "1665"]
[Result "0-1"]
[PlyCount "76"]
[EventDate "2012.12.05"]

1. Nf3 d5 2. e3 c6 3. b3 Bg4 4. Be2 Bh5 5. Bb2 e6 6. d3 Nf6 7. Nbd2 Be7 8. O-O
Nbd7 9. Ne5 Bxe2 10. Qxe2 Nxe5 11. Bxe5 O-O 12. f4 Nd7 13. Bb2 Bf6 14. Bxf6
Qxf6 15. d4 g6 16. Qg4 Qg7 17. Nf3 f5 18. Qh3 h6 19. Kh1 Kf7 20. g4 Rh8 21. Rg1
Qf6 22. Rg3 h5 23. Ng5+ Ke7 24. gxf5 exf5 25. Qf1 Kd6 26. c4 Kc7 27. cxd5 cxd5
28. Rc1+ Kb6 29. a4 a6 30. Qe1 Rac8 31. Rg2 Qe7 32. Rgc2 Rxc2 33. Rxc2 Re8 34.
Re2 Nf6 35. Nf3 Qe4 36. Qf1 Rc8 37. Kg1 Ng4 38. Nd2 Qd3 0-1

[Event "XXXIII Memorial Edoardo Crespi B"]
[Site "Milano ITA"]
[Date "2012.12.07"]
[Round "3"]
[White "Mazzoccoli, Simone"]
[Black "Confalonieri, Luca"]
[WhiteElo "1681"]
[BlackElo "1607"]
[Result "1-0"]
[PlyCount "77"]
[EventDate "2012.12.05"]

1. e4 e5 2. Nf3 Nc6 3. d4 exd4 4. Nxd4 Nf6 5. Nxc6 bxc6 6. Bd3 Bb4+ 7. Bd2 Rb8
8. b3 d6 9. O-O O-O 10. Bxb4 Rxb4 11. Nc3 Bg4 12. Qd2 Rb8 13. h3 Bh5 14. Rfe1
Re8 15. Rac1 Qd7 16. Re3 d5 17. exd5 cxd5 18. Rxe8+ Rxe8 19. Re1 Rxe1+ 20. Qxe1
Bg6 21. Bxg6 hxg6 22. Qe5 c5 23. Qb8+ Kh7 24. Qb5 Qe7 25. Kf1 d4 26. Na4 Ne4
27. Qe2 f5 28. Kg1 Qd6 29. g4 Qf4 30. gxf5 Qg5+ 31. Qg4 Qc1+ 32. Kg2 Qxc2 33.
Qh4+ Kg8 34. fxg6 Nf6 35. Qg3 Qe4+ 36. Kh2 Nd7 37. Nxc5 Qe8 38. Nxd7 a5 39. Qd6
1-0

[Event "XXXIII Memorial Edoardo Crespi B"]
[Site "Milano ITA"]
[Date "2012.12.07"]
[Round "3"]
[White "Milano, Maria"]
[Black "Colonetti, Fabio"]
[WhiteElo "1636"]
[BlackElo "1446"]
[Result "1-0"]
[PlyCount "61"]
[EventDate "2012.12.05"]

1. c4 e5 2. Nc3 Nf6 3. g3 c6 4. Bg2 Bb4 5. Nf3 e4 6. Nd4 d5 7. cxd5 cxd5 8.
Qa4+ Bd7 9. Qxb4 Qc8 10. Qd6 Qc4 11. Qe5+ Kf8 12. b3 Qc5 13. Nxe4 Nxe4 14. Bxe4
Nc6 15. Nxc6 Bxc6 16. Bb2 f6 17. Qf5 Re8 18. Bf3 Qe7 19. O-O Qf7 20. Ba3+ Kg8
21. Rac1 Re5 22. Qd3 h5 23. Bb2 Rg5 24. h4 Rg6 25. Rc5 Rgh6 26. Bxd5 Bxd5 27.
Qxd5 Qxd5 28. Rxd5 Kf7 29. Rc1 Re8 30. e3 Ke6 31. Rdc5 1-0

[Event "XXXIII Memorial Edoardo Crespi B"]
[Site "Milano ITA"]
[Date "2012.12.07"]
[Round "3"]
[White "Nanni, Sergio"]
[Black "Picasso, Marco Francesco"]
[WhiteElo "1650"]
[BlackElo "1520"]
[Result "1-0"]
[PlyCount "69"]
[EventDate "2012.12.05"]

1. e4 c6 2. d4 d5 3. exd5 cxd5 4. c3 Bd7 5. Bd3 e6 6. Nf3 Nc6 7. Bf4 h6 8. Na3
a6 9. Ne5 Nxe5 10. Bxe5 f6 11. Bg6+ Ke7 12. Bg3 Be8 13. Bd3 Bd7 14. O-O Ke8 15.
Bg6+ Ke7 16. Re1 Qb6 17. Qf3 Kd8 18. c4 Qxd4 19. Rad1 Qxb2 20. cxd5 Qxa3 21.
Qxa3 Bxa3 22. dxe6 Ne7 23. Bf7 Nf5 24. Rxd7+ Kc8 25. Bc7 b5 26. g4 Ne7 27. Bd6
Bxd6 28. Rxd6 Ra7 29. Rc1+ Rc7 30. Rxc7+ Kxc7 31. Rd7+ Kc8 32. Rxe7 Rd8 33. Ra7
Rd1+ 34. Kg2 Kd8 35. e7+ 1-0

[Event "XXXIII Memorial Edoardo Crespi B"]
[Site "Milano ITA"]
[Date "2012.12.07"]
[Round "3"]
[White "Nordio, Giorgio"]
[Black "Libutti, Michele"]
[WhiteElo "1626"]
[BlackElo "1736"]
[Result "1/2-1/2"]
[PlyCount "121"]
[EventDate "2012.12.05"]

1. c4 Nf6 2. Nc3 e6 3. Nf3 d5 4. cxd5 exd5 5. d4 Be7 6. g3 O-O 7. Bg2 Re8 8. e3
Bg4 9. Qb3 Nc6 10. Qxb7 Na5 11. Qa6 Nc4 12. O-O Bb4 13. Nd2 Re6 14. Qa4 Nxd2
15. Bxd2 Bxc3 16. Bxc3 Bf5 17. Rac1 Rb6 18. Qa3 Ne4 19. Rfe1 a6 20. f3 Nxc3 21.
Qxc3 Rab8 22. b3 c6 23. e4 Be6 24. e5 Qe7 25. Qd2 g6 26. Rc5 Kg7 27. Rec1 Bd7
28. Qe2 Rb4 29. Rd1 R8b6 30. Qf1 h5 31. Bh3 Bxh3 32. Qxh3 Qe6 33. Qxe6 fxe6 34.
h3 g5 35. Kf2 Kg6 36. Ke3 R4b5 37. Rxb5 axb5 38. g4 hxg4 39. hxg4 Ra6 40. Rd2
b4 41. Rc2 Rb6 42. f4 Ra6 43. Rf2 gxf4+ 44. Kxf4 Ra8 45. Kg3 Re8 46. Rf6+ Kg5
47. Rf2 Re7 48. Rf6 c5 49. dxc5 d4 50. Rf3 Rc7 51. Rd3 Rxc5 52. Rxd4 Ra5 53.
Rxb4 Rxa2 54. Rb6 Rb2 55. Rb8 Rb1 56. b4 Rb3+ 57. Kf2 Kxg4 58. b5 Kf4 59. b6
Rb2+ 60. Ke1 Kxe5 61. b7 1/2-1/2

[Event "XXXIII Memorial Edoardo Crespi B"]
[Site "Milano ITA"]
[Date "2012.12.07"]
[Round "3"]
[White "Olivo, Mario"]
[Black "Lavorgna, Filippo"]
[WhiteElo "1798"]
[BlackElo "1452"]
[Result "1/2-1/2"]
[PlyCount "94"]
[EventDate "2012.12.05"]

1. c4 Nf6 2. Nc3 g6 3. g3 Bg7 4. Bg2 O-O 5. e4 e5 6. d3 d6 7. Nf3 a5 8. O-O
Nbd7 9. h3 Nc5 10. b3 Qe7 11. Bg5 h6 12. Be3 b6 13. Qd2 Kh7 14. Rae1 Be6 15.
Kh2 Nfd7 16. Nh4 Qf6 17. Nd5 Bxd5 18. exd5 g5 19. Nf3 Qf5 20. Rd1 e4 21. Ne1
exd3 22. Nxd3 Nxd3 23. Qxd3 Qxd3 24. Rxd3 Ne5 25. Rd2 a4 26. f4 gxf4 27. gxf4
axb3 28. axb3 Nd7 29. f5 Be5+ 30. Kg1 Ra3 31. Rd3 Nc5 32. Bxc5 bxc5 33. f6 Rg8
34. Kh1 Rb8 35. Rff3 Kg6 36. h4 Bxf6 37. Rg3+ Kh7 38. Be4+ Kh8 39. Rh3 Re8 40.
Bf3 Ra2 41. Rd1 Re3 42. Rb1 Ra3 43. h5 Raxb3 44. Rxb3 Rxb3 45. Kg2 Rc3 46. Be2
Rxh3 47. Kxh3 Bd4 1/2-1/2

[Event "XXXIII Memorial Edoardo Crespi B"]
[Site "Milano ITA"]
[Date "2012.12.07"]
[Round "3"]
[White "Peroni, Gianpaolo"]
[Black "Mazza, Domenico"]
[WhiteElo "1500"]
[BlackElo "1565"]
[Result "1/2-1/2"]
[PlyCount "115"]
[EventDate "2012.12.05"]

1. c4 e5 2. g3 Nf6 3. Bg2 Bc5 4. Nc3 O-O 5. Nf3 Nc6 6. O-O d5 7. Nxe5 Nxe5 8.
d4 dxc4 9. dxe5 Qxd1 10. Rxd1 Ng4 11. Ne4 Bb6 12. Bf4 f5 13. exf6 Nxf6 14.
Nxf6+ Rxf6 15. Rd8+ Kf7 16. Bd5+ Ke7 17. Rg8 Rg6 18. Rd1 c6 19. Bxc4 Ba5 20. b3
b5 21. Bd3 Kf7 22. Bxg6+ Kxg6 23. Rf8 Bb4 24. Bd6 c5 25. Re8 a5 26. Bc7 Bb7 27.
Rd6+ Kf7 28. Rxa8 Bxa8 29. Rd7+ Kf6 30. Bd8+ Kg6 31. Ra7 Bd5 32. Bxa5 Ba3 33.
Bc3 b4 34. Rxg7+ Kh6 35. Be5 c4 36. bxc4 Bxc4 37. Ra7 Bxe2 38. Bd6 Bc4 39. Rxa3
bxa3 40. Bxa3 Bxa2 41. Kg2 Bd5+ 42. f3 Kg6 43. h4 h5 44. Kf2 Kf5 45. Ke3 Bc6
46. Bb2 Bd7 47. Bd4 Be6 48. Bb6 Bd5 49. f4 Kg4 50. Kf2 Bc6 51. Bd8 Bd5 52. Ke3
Kxg3 53. f5 Kg4 54. f6 Kf5 55. Kd4 Bf7 56. Be7 Kg4 57. Ke5 Kxh4 58. Kf4 1/2-1/2

[Event "XXXIII Memorial Edoardo Crespi B"]
[Site "Milano ITA"]
[Date "2012.12.07"]
[Round "3"]
[White "Pirrello, Christian"]
[Black "Figini, Vittorio"]
[WhiteElo "1602"]
[BlackElo "1531"]
[Result "1-0"]
[PlyCount "121"]
[EventDate "2012.12.05"]

1. e4 c5 2. Nf3 Nc6 3. Bb5 d6 4. d4 cxd4 5. Nxd4 Bd7 6. Be3 e5 7. Nb3 a6 8. Be2
Nf6 9. Nc3 Be7 10. Qd2 b5 11. a3 Be6 12. O-O Qc7 13. f3 O-O 14. Rfd1 Rfd8 15.
Bg5 Rd7 16. Bxf6 Bxf6 17. Nd5 Bxd5 18. Qxd5 Rc8 19. Rac1 Qb6+ 20. Kh1 Bg5 21.
Nd2 Ne7 22. Qb3 d5 23. Ra1 Qf2 24. Qd3 Rcd8 25. Rf1 Qa7 26. Nb3 Ng6 27. g3 Be7
28. Rad1 Qb6 29. Rfe1 Nf8 30. Bf1 Ne6 31. Bh3 dxe4 32. Qxd7 Rxd7 33. Rxd7 Qf2
34. Red1 Qxf3+ 35. Bg2 Qf6 36. Bxe4 g6 37. Bd5 Ng5 38. Bg2 e4 39. R7d2 e3 40.
Re2 Qxb2 41. Rxe3 Qxc2 42. Rde1 Bxa3 43. Nd4 Qd2 44. Nb3 Qd6 45. Re8+ Kg7 46.
R8e3 Ne6 47. Bh3 Bb4 48. Rf1 Bc5 49. Nxc5 Nxc5 50. Ref3 Qd5 51. Bg2 Qe6 52. Rc3
Ne4 53. Rcf3 Nd2 54. Rxf7+ Qxf7 55. Rxf7+ Kxf7 56. Bd5+ Kf6 57. Kg2 Ke5 58. Bg8
h6 59. Kf2 b4 60. Ke2 b3 61. Kxd2 1-0

[Event "XXXIII Memorial Edoardo Crespi B"]
[Site "Milano ITA"]
[Date "2012.12.07"]
[Round "3"]
[White "Prevedello, Daniele"]
[Black "Resta, Andrea"]
[WhiteElo "1495"]
[BlackElo "1688"]
[Result "1-0"]
[PlyCount "135"]
[EventDate "2012.12.05"]

1. c4 Nf6 2. Nc3 e6 3. g3 d5 4. cxd5 exd5 5. d4 c6 6. Bg2 Be7 7. Nf3 O-O 8. O-O
Nbd7 9. Bd2 b6 10. a3 c5 11. dxc5 bxc5 12. Rc1 Rb8 13. Qc2 Nb6 14. Bf4 Rb7 15.
Ne5 Be6 16. Nc6 Qd7 17. Na5 Nh5 18. Nxb7 Nxf4 19. Nxc5 Bxc5 20. gxf4 Rc8 21.
Qd3 d4 22. Ne4 Be7 23. Rxc8+ Nxc8 24. Rd1 f5 25. Ng5 Bf6 26. e3 Nb6 27. Nxe6
Qxe6 28. exd4 Qd6 29. Qb3+ Kh8 30. Qf7 h6 31. d5 Bxb2 32. Qe6 Bxa3 33. Qxd6
Bxd6 34. Re1 Bxf4 35. Re6 Nc4 36. Bf1 Nd6 37. Re7 a5 38. Ra7 Bd2 39. Bd3 Bb4
40. Kg2 Kh7 41. Kg3 Kg6 42. f4 Kf6 43. h4 Be1+ 44. Kh3 Bd2 45. Ra6 Bxf4 46.
Rxa5 g5 47. hxg5+ hxg5 48. Bf1 g4+ 49. Kh4 Kg6 50. Ra8 Bg5+ 51. Kg3 Ne4+ 52.
Kg2 Be7 53. Bd3 Nc5 54. Bc2 Kg5 55. Rg8+ Kf6 56. Bb1 Ke5 57. Ba2 Ne4 58. Re8
Kd6 59. Rc8 f4 60. Rc6+ Ke5 61. Re6+ Kf5 62. Rxe7 f3+ 63. Kf1 Nd2+ 64. Kf2 Kf4
65. d6 g3+ 66. Ke1 f2+ 67. Kxd2 f1=Q 68. Rf7+ 1-0